Lípy

Bibliographic Details
Main Author: Florian, Miroslav, 1931-1996 (Author)
Format: Article
Language:Czech
PhysicalDescription:Nedeľa, príloha Nového slova, č. 28, s. /4/.
Subjects:

MARC

LEADER 00000nab a2200000 a 4500
001 vtls000221618
003 SK-MaSNL
005 20260304014215.0
008 241209c1985 xo 0 cze
015 |a SNBRB19rr/mm-uuuuu 
035 |a CL0231732 
040 |a SNKBUCL  |b slo  |c SNKBUCL  |e AACR2 
041 1 |a cze 
044 |a xo  |c SK 
080 |a 885.0-1  |2 1981 
100 1 |a Florian, Miroslav,  |d 1931-1996  |4 aut  |9 120097 
245 1 0 |a Lípy  |c Miroslav Florian 
300 |b Nedeľa, príloha Nového slova, č. 28, s. /4/. 
655 7 |a česká poézia  |2 snkbucl  |9 70569 
655 7 |a články z novín a časopisov  |2 snkbucl  |9 267496 
655 7 |a články z odboru literárna veda a krásna literatúra  |2 snkbucl  |9 770045 
773 0 |t Nové slovo  |g Roč. 27, č. 28 (1985) 
850 |a Slovenská národná knižnica 
852 |a Slovenská národná knižnica 
958 |a RK 
958 |a CZ 
958 |a LX 
992 |a RBX 
999 |c 2582444  |d 2584374